000 00505nam a22001937a 4500
003 dpl
005 20180830171931.0
008 180830b xxu||||| |||| 00| 0 eng d
010 _aB-62092
020 _a8125910837
_c00
035 _aB-62092
040 _c00
100 _asreevalsan,M C
245 _aSpoken English
260 _aNew delhi
_bvikas publishing house pvt Ltd
_c2002
270 _a576,Masjid road jangpura,
_bNew Delhi
_e110014
300 _axi,362p
_c22cm
942 _2ddc
_cEN
_m480-SRC
999 _c156740
_d156740